| Tag |
First Indicator |
Second Indicator |
Subfields |
| LEADER |
00000cam a2200000 a 4500 |
| 001 |
in00000756331 |
| 005 |
20151016161002.0 |
| 007 |
hd afa014baca |
| 008 |
760412s1863 ctu a 00000 eng d |
| 035 |
|
|
|a (OCoLC)02107188
|
| 035 |
|
|
|9 ADJ1331AM
|
| 040 |
|
|
|a JNA
|c JNA
|d LWS
|d UtOrBLW
|
| 049 |
|
|
|a TXAI
|
| 090 |
|
|
|a PZ1
|b .A34 v.2, no.1419
|
| 090 |
|
|
|a PS15
|
| 099 |
|
|
|a film
|a B
|a 1551
|
| 100 |
1 |
|
|a Buntline, Ned,
|d 1822 or 1823-1886.
|
| 245 |
1 |
4 |
|a The convict, or, The conspirators' victim :
|b a novel written in prison /
|c by Ned Buntline.
|
| 264 |
|
1 |
|a New York :
|b Dick & Fitzgerald,
|c 1863.
|
| 300 |
|
|
|a 297 pages
|
| 336 |
|
|
|a text
|b txt
|2 rdacontent
|
| 337 |
|
|
|a microform
|b h
|2 rdamedia
|
| 338 |
|
|
|a microfilm reel
|b hd
|2 rdacarrier
|
| 533 |
|
|
|a Microfilm.
|b Woodbridge, Conn. :
|c Research Publications,
|d 1970-1978.
|e 1 microfilm reel ; 35 mm.
|f (Wright American fiction ; v. 2 (1851-1875), reel J-11, no. 1419)
|
| 500 |
|
|
|a Microform.
|
| 999 |
|
|
|a MARS
|
| 999 |
f |
f |
|s 061164d8-6189-396e-b775-38f15f7e205f
|i d21994f1-deb3-3f80-a48a-911db9bf5089
|t 0
|
| 952 |
f |
f |
|p default
|a Texas A&M University
|b College Station
|c Sterling C. Evans Library
|d Evans: Microforms (3rd floor)
|t 0
|e film B 1551 v.2 reel J-11 no.1419
|h Other scheme
|i microform -- microfilm reel
|
| 998 |
f |
f |
|a film B 1551 v.2 reel J-11 no.1419
|t 0
|l Evans: Microforms (3rd floor)
|